Statistics for 'Least Guessed Countries From the Countries of the World Quiz

Click here to take the quiz!

General Stats

  • This quiz has been taken 30 times
    (17 since last reset)
  • The average score is 67 of 95

Answer Stats

Answer % Correct
Fiji
94%
San Marino
94%
Saint Kitts and Nevis
94%
Togo
88%
Guinea-Bissau
88%
Tajikistan
88%
Eritrea
88%
Guinea
88%
Andorra
88%
Mozambique
81%
Vatican City
81%
Mali
81%
Liberia
81%
Lesotho
81%
Qatar
81%
Botswana
81%
Bahrain
81%
Samoa
81%
Bahamas
81%
Belize
81%
Solomon Islands
81%
Brunei
81%
Uzbekistan
81%
Saint Vincent and the Grenadines
81%
East Timor
81%
Tonga
75%
Zambia
75%
South Sudan
75%
Rwanda
75%
Azerbaijan
75%
Suriname
75%
Bhutan
75%
Gabon
75%
Senegal
75%
Kosovo
75%
Marshall Islands
75%
Turkmenistan
75%
Kyrgyzstan
75%
Cape Verde
75%
Seychelles
75%
Benin
75%
Gambia
75%
Macedonia
75%
Georgia
75%
Monaco
69%
Burkina Faso
69%
Cyprus
69%
Kiribati
69%
Sierra Leone
69%
El Salvador
69%
Namibia
69%
Equatorial Guinea
69%
Guyana
69%
Tuvalu
69%
Armenia
69%
Malta
69%
Ghana
69%
Kuwait
69%
Singapore
69%
Guatemala
69%
Dominican Republic
69%
Cote d'Ivoire
69%
Liechtenstein
69%
Moldova
69%
Montenegro
69%
Central African Republic
69%
Malawi
69%
Palau
69%
Nicaragua
63%
Tanzania
63%
Uganda
63%
São Tomé and Príncipe
63%
Albania
63%
Mauritania
63%
Vanuatu
63%
Antigua and Barbuda
63%
Federated States of Micronesia
63%
Mauritius
63%
Djibouti
63%
Maldives
63%
Barbados
63%
Swaziland
63%
Trinidad and Tobago
56%
Lebanon
56%
Burundi
56%
Grenada
56%
Comoros
56%
Nauru
56%
Angola
50%
Cameroon
50%
Slovenia
50%
Myanmar
50%
Bangladesh
44%
Saint Lucia
19%
Bosnia and Herzegovina
6%

Score Distribution

Percentile by Number Answered

Percent of People with Each Score

Your Score History

You have not taken this quiz since the last reset